10 Least Overcrowded Countries - Statistics

General Stats
  • This quiz has been taken 46 times
  • The average score is 6 of 10
Answer Stats
Rank Countries % Correct
3 Australia
95%
8 Canada
90%
1 Mongolia
88%
4 Iceland
68%
2 Namibia
53%
6 Libya
45%
10 Mauritania
38%
9 Botswana
35%
7 Guyana
20%
5 Suriname
20%
No matching quizzes found
Score Distribution
Percent of People with Each Score
Percentile by Number Answered
Your Score History
You have not taken this quiz